000 00283nam a2200121Ia 4500
008 150201s2010 xx 000 0 und d
082 _a615
_bP10N
100 _aN,KUMAR
245 2 _aA TB OF PHARMACOLOGY
260 _bAITBS
_aDELHI
_c2010
650 _aPHARMACOLOGY
942 _2ddc
_cBK
_010
999 _c744
_d744